000 00350 a2200169 4500
001 190732
020 _a85-359-0384-4
040 _cMagnum
100 _aMiranda, Ana
240 1 0 _aPipocas
_lpor
245 1 0 _aPipocas
300 _a63
362 0 _a2003
440 1 _aCompanhia das Letras
697 _aLITERATURA INFANTO-JUVENIL
942 _cBK
999 _c190732
_d190732